01295cam a22003497a 4500003000500000005001700005008004100022010000900063011000900072035000900081040000900090082001600099100002900115245005400144260008400198300001100282490003500293590004100328590004100369590004100410590004100451590004200492650005200534650002800586700003000614830004000644901000700684942001000691949008300701999001500784952014600799CHAP20220329133024.0971013s1989 us r 00010 eng d a1372 a2344 a1537 cCHAP04a681.763bM600aMolnar, Joseph J.97744110aBiotechnology and the New Agricultural revolution aWashington, D. C. :bAmerican Association for the Advancement of Science,c1989 a288 p. 0aAAAS selected symposiumv; 108 aBATCH-UPDb10c20130110lUCH01h0143 aBATCH-UPDb10c20130110lUCH01h1957 aBATCH-UPDb10c20130410lUCH01h1317 aBATCH-UPDb10c20130913lUCH01h1809 aCONVERSIONb10c20130109lUCH01h130214aAgriculturaxInnovaciones tecnológicas.9156514aBiotecnología.9128780 aKinnucan, Henry W.9633140 aAAAS selected symposiumv; 1089121 aBK cLIBRO a681.763 M6bBCcLIBROd33724000107835eLIBROgI.151353h78018i1537sit220.40 c1372d1372 00102ddc4052708GRALaBCbBCcPP_GRALd2019-12-31eI.151353fLIBROl0o681.763 M6p33724000107835r2019-12-31 00:00:00w2019-12-31yLIBRO